<?xml version="1.0" encoding="UTF-8"?>
<collection xmlns="http://www.loc.gov/MARC21/slim">
<record>
  <controlfield tag="001">4427</controlfield>
  <controlfield tag="005">20200102101751.0</controlfield>
  <datafield tag="037" ind1=" " ind2=" ">
    <subfield code="a">BKSECT-2019-0015</subfield>
  </datafield>
  <datafield tag="100" ind1=" " ind2=" ">
    <subfield code="a">Van Noten, Koen</subfield>
  </datafield>
  <datafield tag="245" ind1=" " ind2=" ">
    <subfield code="a">Investigations géophysiques du remplissage sédimentaire de la Salle de la structure.</subfield>
  </datafield>
  <datafield tag="260" ind1=" " ind2=" ">
    <subfield code="c">2017</subfield>
  </datafield>
  <datafield tag="594" ind1=" " ind2=" ">
    <subfield code="a">NO</subfield>
  </datafield>
  <datafield tag="700" ind1=" " ind2=" ">
    <subfield code="a">Burlet, Christian</subfield>
  </datafield>
  <datafield tag="700" ind1=" " ind2=" ">
    <subfield code="a">Delaby, Serge</subfield>
  </datafield>
  <datafield tag="700" ind1=" " ind2=" ">
    <subfield code="a">Verheyden, Sophie</subfield>
  </datafield>
  <datafield tag="700" ind1=" " ind2=" ">
    <subfield code="a">Lecocq, Thomas </subfield>
  </datafield>
  <datafield tag="773" ind1=" " ind2=" ">
    <subfield code="t">Grotte de Bruniquel (Bruniquel, Tarn-et-Garonne). Rapport d’opération archéologique programmée 2017. Demande d’opération archéologique triennale 2018-20. SRA Occitanie,</subfield>
    <subfield code="b">Jaubert, J., Verheyden, S.</subfield>
    <subfield code="c">135-143</subfield>
  </datafield>
  <datafield tag="856" ind1="0" ind2=" ">
    <subfield code="f">koen.vannoten@observatoire.be</subfield>
  </datafield>
  <datafield tag="856" ind1="4" ind2=" ">
    <subfield code="s">6950877</subfield>
    <subfield code="u">http://publi2-as.oma.be/record/4427/files/2017-VanNotenetal_Bruniquel_geophysique.pdf</subfield>
  </datafield>
  <datafield tag="856" ind1="4" ind2=" ">
    <subfield code="s">16323</subfield>
    <subfield code="u">http://publi2-as.oma.be/record/4427/files/2017-VanNotenetal_Bruniquel_geophysique.jpg?subformat=icon-180</subfield>
    <subfield code="x">icon-180</subfield>
  </datafield>
  <datafield tag="856" ind1="4" ind2=" ">
    <subfield code="s">7200</subfield>
    <subfield code="u">http://publi2-as.oma.be/record/4427/files/2017-VanNotenetal_Bruniquel_geophysique.gif?subformat=icon</subfield>
    <subfield code="x">icon</subfield>
  </datafield>
  <datafield tag="980" ind1=" " ind2=" ">
    <subfield code="a">BOOKSECT</subfield>
  </datafield>
</record>
</collection>